[Event "Bucharest Gaudeamus Cup 3rd"]
[Site "Bucharest"]
[Date "2011.06.19"]
[Round "4"]
[White "Deac, Bogdan Daniel"]
[Black "Niculescu, Cristian"]
[Result "0-1"]
[WhiteElo "1733"]
[BlackElo "2164"]
[PlyCount "80"]
[EventDate "2011.06.17"]
[EventType "swiss"]
[EventRounds "5"]
[EventCountry "ROU"]
[SourceTitle "CBM 143 Extra"]
[Source "ChessBase"]
[SourceDate "2011.08.29"]
[SourceVersion "1"]
[SourceVersionDate "2011.08.29"]
[SourceQuality "1"]

1. d4 Nf6 2. c4 g6 3. Nc3 Bg7 4. Nf3 0-0 5. Bg5 h6 6. Bh4 d6 7. e4 Nbd7 8. Be2 c6 9. 0-0 Qc7 10. Rc1 e5 11. d5 c5 12. Qd3 a6 13. Rfd1 Nh5 14. Bg3 Nxg3 15. hxg3 Nf6 16. a3 Bd7 17. b4 b6 18. Rd2 Ng4 19. Rb2 f5 20. Qb1 Rab8 21. Bd3 f4 22. gxf4 exf4 23. Re2 Ne5 24. Nxe5 Bxe5 25. f3 Qd8 26. Nd1 Qh4 27. Qc2 g5 28. Nf2 h5 29. Rd2 g4 30. fxg4 hxg4 31. Be2 f3 32. gxf3 gxf3 33. Bxf3 Rxf3 34. bxc5 bxc5 35. Rb1 Rbf8 36. Rb7 Rg3+ 37. Kf1 Qh1+ 38. Ke2 Rxf2+ 39. Kxf2 Qh2+ 40. Kf1 Rg1# 0-1

[Event "Bucharest Gaudeamus Cup 3rd"]
[Site "Bucharest"]
[Date "2011.06.19"]
[Round "5"]
[White "Niculescu, Cristian"]
[Black "Barbu, George Emilian"]
[Result "1-0"]
[WhiteElo "2164"]
[BlackElo "1940"]
[PlyCount "79"]
[EventDate "2011.06.17"]
[EventType "swiss"]
[EventRounds "5"]
[EventCountry "ROU"]
[SourceTitle "CBM 143 Extra"]
[Source "ChessBase"]
[SourceDate "2011.08.29"]
[SourceVersion "1"]
[SourceVersionDate "2011.08.29"]
[SourceQuality "1"]

1. e4 c5 2. Nf3 g6 3. c3 Bg7 4. Bc4 Nc6 5. 0-0 e6 6. d4 cxd4 7. cxd4 Nge7 8. d5 Ne5 9. Nxe5 Bxe5 10. d6 Nc6 11. Nc3 a6 12. Be3 b5 13. Bb3 Qa5 14. Rc1 Qb4 15. f4 Bxc3 16. Rxc3 Qxe4 17. Bc2 Qb4 18. Bb6 Qxb2 19. Rxc6 dxc6 20. Bd4 Qxa2 21. Bxh8 Qd5 22. Qe2 Qxd6 23. Be5 Qc5+ 24. Kh1 a5 25. Rd1 Qe7 26. Be4 Bb7 27. Qf3 Rc8 28. Rc1 Qb4 29. Bf6 Qd6 30. Rd1 Qc7 31. Qg4 c5 32. Bxb7 Qxb7 33. Qh4 h5 34. Qg5 Qd7 35. Rxd7 Kxd7 36. Be5 b4 37. Qf6 Kc6 38. Qxf7 a4 39. Qxe6+ Kb7 40. Qd7+ 1-0